Practicals in basic entomology (Record no. 194777)

MARC details
000 -LEADER
fixed length control field 00500nam a22002057a 4500
003 - CONTROL NUMBER IDENTIFIER
control field OSt
020 ## - INTERNATIONAL STANDARD BOOK NUMBER
International Standard Book Number 9788170353324
082 ## - DEWEY DECIMAL CLASSIFICATION NUMBER
Classification number 632.6
Item number SAT/PR
100 ## - MAIN ENTRY--PERSONAL NAME
Personal name Sathe, T.V
245 ## - TITLE STATEMENT
Title Practicals in basic entomology
260 ## - PUBLICATION, DISTRIBUTION, ETC. (IMPRINT)
Place of publication, distribution, etc New Delhi
Name of publisher, distributor, etc Daya Publishing House
Date of publication, distribution, etc 2020
300 ## - PHYSICAL DESCRIPTION
Extent viii, 84p.
546 ## - LANGUAGE
Language note English
650 ## - SUBJECT ADDED ENTRY--TOPICAL TERM
Topical term or geographic name as entry element Entomology
650 ## - SUBJECT ADDED ENTRY--TOPICAL TERM
Topical term or geographic name as entry element insect collection
650 ## - SUBJECT ADDED ENTRY--TOPICAL TERM
Topical term or geographic name as entry element insect preservation
700 ## - ADDED ENTRY--PERSONAL NAME
Personal name Vaishali S. Kolekar
700 ## - ADDED ENTRY--PERSONAL NAME
Personal name Bhoje, P.M
942 ## - ADDED ENTRY ELEMENTS (KOHA)
Source of classification or shelving scheme Dewey Decimal Classification
Koha item type Books (General)
Holdings
Lost status Source of classification or shelving scheme Damaged status Not for loan Collection code Home library Current library Shelving location Date acquired Cost, normal purchase price Total Checkouts Full call number Barcode Date last seen Koha item type
  Dewey Decimal Classification     General KAU Central Library, Thrissur KAU Central Library, Thrissur General 13/08/2020 595.00   632.6 SAT/PR 230651 13/08/2020 Books (General)
Kerala Agricultural University Central Library
Thrissur-(Dt.), Kerala Pin:- 680656, India
Ph : (+91)(487) 2372219
E-mail: librarian@kau.in
Website: http://library.kau.in/